MDQL
is popping MORE tags! Check the
thread
!
Quizzes
Events
Quiz Creation
Community
Videos
Private Events
Remove Ads
Sign In
Join for FREE
Feedback
Dark Mode
Quiz Categories
Sports
Geography
Music
Movies
Television
Just For Fun
Miscellaneous
History
Literature
Language
Science
Gaming
Entertainment
Religion
Holiday
For Kids
Quiz Lab
Recent
Popular Today
Quiz Kudos Today
Editor Picks
Curator Picks
Quizzes by...
Day
Popularity
Type
Ratings
Length
Year
Community
Subscriptions
Recent Discussions
Orange Saloon
Badges
Playlists
Quests
Create
Leaderboards
Showdown
Live 5
Trivia Bingo
Activity
Puzzle Library
Sporcle Events
Private Events
Virtual Trivia
Globe League
Become a Host
Pub Owners
SporcleCon
Opinionation
Our Games
Videos
Blog
Mobile Apps
Partnerships
Remove Ads and Go Orange
Feedback
Sports
Athletes
MLB
NBA
NHL
NFL
Soccer
Sports Teams
WWE
NCAA
Football
Premier League
Basketball
Baseball
Hockey
Golf
Tennis
Cricket
Rugby
Auto Racing
Olympics
World Cup
Sports
Athletes
MLB
NBA
NHL
NFL
Soccer
Sports Teams
WWE
NCAA
Football
Premier League
Basketball
Baseball
Hockey
Golf
Tennis
Cricket
Rugby
Auto Racing
Olympics
World Cup
Random Quiz
Search Sporcle
×
Quiz Lab
Quiz Lab
Sports
Sports Teams
Type in answers that appear in a list
Type in answers that appear in a list
Classic
Best Score? Go Orange.
2019 Atlanta Braves - All Players Stats
Can you name every player to play a game for the Atlanta Braves in 2019?
By
ryanbraves
10m
50 Questions
164 Plays
164 Plays
164 Plays
Comments
Comments
Give Quiz Kudos
Give Quiz Kudos
-
- Ratings
hide this ad
Replay
Link that replays current quiz
Next Quiz
Link to next quiz in quiz playlist
You Got
0%
They Got
Avg Score
58%
Avg Friend Score
Upgrade to see
Score Distribution
Jump to the score distribution portion of the page
Score
0/50
Timer
10:00
0
Plays Today
Games Played
Answer
% Correct
156
Ronald Acuna, Jr.
99.4%
160
Ozzie Albies
98.8%
158
Freddie Freeman
98.8%
116
Nick Markakis
94.5%
155
Josh Donaldson
93.9%
127
Dansby Swanson
93.9%
85
Tyler Flowers
90.9%
85
Brian McCann
88.4%
65
Ender Inciarte
88.4%
98
Johan Camargo
87.2%
80
Austin Riley
86%
29
Mike Soroka
84.1%
40
Max Fried
82.3%
108
Charlie Culberson
76.8%
70
Luke Jackson
73.8%
41
Adam Duvall
73.2%
35
Julio Teheran
73.2%
21
Mike Foltynewicz
72%
23
Mark Melancon
71.3%
4
Alex Jackson
70.7%
27
Shane Greene
64%
20
Chris Martin
62.2%
55
Sean Newcomb
60.4%
19
Dallas Keuchel
60.4%
129
Matt Joyce
59.1%
Games Played
Answer
% Correct
24
Adeiny Hechavarria
56.1%
26
Billy Hamilton
52.4%
36
A.J. Minter
51.8%
7
Kyle Wright
50.6%
14
Francisco Cervelli
49.4%
6
Bryse Wilson
45.7%
24
Touki Toussaint
44.5%
4
Arodys Vizcaino
43.3%
8
Darren O'Day
42.7%
51
Josh Tomlin
41.5%
34
Rafael Ortega
40.2%
16
Kevin Gausman
37.8%
32
Chad Sobotka
34.8%
15
Jesse Biddle
33.5%
1
John Ryan Murphy
33.5%
45
Jerry Blevins
32.3%
44
Anthony Swarzak
30.5%
36
Jacob Webb
29.3%
6
Shane Carle
27.4%
27
Dan Winkler
26.8%
14
Grant Dayton
26.2%
9
Jonny Venters
26.2%
17
Wes Parsons
23.8%
2
Huascar Ynoa
23.2%
6
Jeremy Walker
20.7%
Quiz Playlist
Details
Report
Send in Message
Add To Playlist
Classic:
Type in answers that appear in a list
Quiz Source
Last Updated: Oct 1, 2019
Quiz Scoreboard
CHALLENGE
Sign Up to Join the Scoreboard
Show All
Scores
Hide
Comments
May contain spoilers
Recently Published
Colored Red Africa Blitz
by spor1
Geography
30s
Find the 'City' Movie
by crazypaving
Movies
60s
5x2 Blitz: Bands
by SL_Kpop136
Music
30s
More to Explore
Quiz From the Vault
Featured Blog Post
14 Easter Pick-up Lines to Find Eggs With
hide this ad
You Might Also Like...
Tags
Baseball Quiz
MLB Quiz
Sports Teams Quiz
2019
Atlanta
Atlanta Braves
Today's Top Quizzes in Sports
Browse Sports
hide this ad
Today's Top Quizzes in Sports Teams
Browse Sports Teams
Top Contributed Quizzes in Sports
1
Players with Multiple 50 Home Run Seasons
2
Les entraîneurs de l'OM et du PSG au 21e siècle
3
Criteria MLB: Left Handed Sluggers
4
2022 World Cup Stars
5
Les meilleurs buteurs des matchs entre le PSG et l’OM
6
Who Hit More Homers?
7
Les joueurs passés par le PSG et l'OM
8
NBA Logic Puzzle 2.0
9
Top 10 NHL Goal Scorers of All Time
10
MLB Players with Two .350 Batting Average Seasons
Explore More
Trending Topics
Disney
Anime
Marvel
Crossword
Kpop
Harry Potter
NBA
Song
NFL
Soccer
The Office
Pokémon
Country
WWE
Puzzle
hide this ad
More By:
ryanbraves
Quiz
Plays
Rating
Category
Featured
Created
2020 NASCAR Winners (Cup, Xfinity, Truck)
2,299
5.00
Sports
Mar 2, 2020
NASCAR Top 10 Categories (2000-2015)
2,273
4.71
Sports
May 18, 2016
2021 NASCAR Winners (Cup, Xfinity, Truck)
2,267
5.00
Sports
Feb 15, 2021
2022 NASCAR Winners (Cup, Xfinity, Truck)
2,110
5.00
Sports
Feb 20, 2022
2021 NASCAR Cup Series Tracks
2,077
5.00
Sports
Dec 22, 2020
Go to Creator's Profile
Score Distribution
Quiz Creator Spotlight
ryanbraves
Follow
Send a Message
Quizzes Created
-
Created Quiz Play Count
-
More By This Creator
Popular Quizzes Today
1
Colored Red Africa Blitz
2
Find the 'City' Movie
3
Find the US States - No Outlines Minefield
4
5x2 Blitz: Bands
5
The Countries of the World
6
Find the US States
7
US States
8
9x9 Crossword: Cartoon Network
More Sports Quizzes
Sports Logos Close-Up III
Published
Trending Quizzes
Colored Red Europe Blitz I
Colored Red Europe Blitz II
Colored Red Africa Blitz II
Colored Red Africa Blitz III
Colored Red Europe Blitz III
Recently Updated
Godzilla Movies
pecheneg
Grab Bag: 4-10 Letters
pecheneg
2024 March Madness Bracket
pecheneg
Famous TV Couples
Peacemaker
Champions League XIs: Real Madrid
pecheneg
Largest US Cities 1790-2010
pecheneg
Rides in Walt Disney World
pecheneg
Most Oscar Losses (Acting)
pecheneg
Beyoncé Albums
pecheneg
Leaping Animals
pecheneg
Trending Topics
Marvel
NBA
Harry Potter
Crossword
Anime
Kpop
Disney
Puzzle
Pokémon
Song
WWE
Country
The Office
Soccer
NFL
Your Account Isn't Verified!
In order to create a playlist on Sporcle, you need to verify the email address you used during registration. Go to your
Sporcle Settings
to finish the process.
Report this User
Report this user for behavior that violates our
Community Guidelines
.
Details:
Send Report
Go to the Sporcle.com Mobile Site →
Comments